00458nam a22001337a 4500082001500000100004400015245006800059260004200127300000800169650001600177942000700193952010700200999001700307 a340.59 HIL aHilal, Abu TariqaAbu Ismael al-Beirawi aUnderstanding Usul Al-Fiqh: Principles of islamic Jurisprudence aNew DelhibRevival Publicationsc2007 a243 aIslam- Fiqh cBK 00104070aHMIbHMId2016-09-09g250.00l8o340.59 HILp22495r2022-09-12s2022-09-05w2016-09-09yBK c20122d20122